Centros culturales: proyección, infraestructura y gestión

Uloženo v:
Podrobná bibliografie
Korporativní autor: Consejo Nacional de la Cultura y las Artes (Autor)
Médium: Kniha
Jazyk:španělština
Vydáno: Valparaíso Consejo Nacional de la Cultura y las Artes 2008
Témata:
Tagy: Přidat tag
Žádné tagy, Buďte první, kdo vytvoří štítek k tomuto záznamu!

MARC

LEADER 00000nam a2200000 a 4500
001 UCH1582
003 CL-VaPUC
008 090430e20080000CL |||||||||||||||||spa|d
020 |a 9789568327439 
082 0 4 |a 306.48  |b CON  |2 21 
110 2 |a Consejo Nacional de la Cultura y las Artes  |e author  |9 536072 
245 1 0 |a Centros culturales: proyección, infraestructura y gestión 
300 |a 216 p 
942 |c BK 
945 |d 20090430 00:00:00  |a rbrito 
260 |a Valparaíso  |b Consejo Nacional de la Cultura y las Artes  |c 2008 
650 0 |a Centros culturales  |9 373824 
650 0 |a Cultura  |9 269059 
650 7 |a DESARROLLO DE LA CULTURA  |2 CL-VaPUC  |9 536073 
650 0 |a Gestión cultural  |9 521696 
583 |a last modification  |c 20150924 21:40:34  |k Rodrigo Vera 
999 |c 333557  |d 333555 
952 |0 0  |1 0  |4 0  |6 306_480000000000000_CON_2008  |7 0  |8 A  |9 422052  |a BIBCUR  |b BIBCUR  |d 2019-11-22  |i 454482K  |l 1  |o 306.48 CON 2008  |p 454482K  |r 2025-04-22  |s 2022-06-02  |w 2019-11-22  |y BK  |k PER 
952 |0 0  |1 0  |4 0  |6 306_480000000000000_CON_2008  |7 0  |8 A  |9 422053  |a BIBGIM  |b BIBGIM  |d 2019-11-22  |i 4548736  |l 1  |o 306.48 CON 2008  |p 4548736  |r 2025-01-15  |s 2024-05-08  |w 2019-11-22  |y BK  |k GIM 
952 |0 0  |1 0  |4 0  |6 306_480000000000000_CON_2008  |7 0  |8 A  |9 422054  |a BIBARQ  |b BIBARQ  |d 2019-11-22  |i 4552865  |o 306.48 CON 2008  |p 4552865  |r 2025-01-20  |w 2019-11-22  |y BK  |k ARQ 
952 |0 0  |1 0  |4 0  |6 306_480000000000000_CON_2008  |7 0  |8 A  |9 422055  |a BIBCUR  |b BIBCUR  |d 2019-11-22  |i 4657748  |o 306.48 CON 2008  |p 4657748  |r 2025-04-22  |w 2019-11-22  |y BK  |k PER